Statistics for Countries with the Longest Road Networks

Click here to take the quiz!

General Stats

  • This quiz has been taken 58 times
  • The average score is 19 of 20

Answer Stats

Road Length (km)Country% Correct
1,751,868Brazil
100%
1,042,300Canada
100%
4,696,300China
100%
1,028,446France
100%
5,472,144India
100%
1,396,000Russia
100%
422,310United Kingdom
100%
6,722,347United States
100%
644,480Germany
98%
1,215,000Japan
98%
389,345Mexico
98%
683,175Spain
98%
823,217Australia
96%
487,700Italy
95%
423,997Poland
91%
947,014South Africa
89%
579,564Sweden
84%
496,607Indonesia
82%
426,906Turkey
80%
454,000Finland
64%

Score Distribution

Percentile by Number Answered

Percent of People with Each Score

Your Score History

You have not taken this quiz